00478nam a2200133 i 450000100060000000300090000600500170001500700030003200800410003510000240007624501550010026000640025585200250031930352ES-MaACL20230906154159.0t|030124s1915 ag ||||1| spa d1 aBastianini, René.10aTablas de la preposición castellana b: modelos del uso castizo de la preposición castellana tomados de los mejores autores / cRené Bastianini. aBuenos Aires : bLibrería de A. García Santos, c[1915] aES-MaACLj1659-F-10